000
00344nam a2200157Ia 4500
008
210210b1951 xxu||||| |||| 00| 0 eng d
041
_a
eng
082
_a
828/233
100
_a
FREEMAN (W)
245
_a
Oliver Goldsmith
260
_a
London
_b
-
_c
1951
650
_a
Oliver
650
_a
Goldsmith
690
_a
Biography
906
_a
016078
999
_c
135468
_d
135468